Na jakich pozycjach grają zawodnicy piłki siatkowej? - Statystyki

Ogólne statystyki
  • Ten quiz został rozwiązany 43 razy
  • Średni wynik to 5 z 5
Statystyki odpowiedzi
Odpowiedź % Poprawnych
Libero
100%
Atakujący
98%
Rozgrywający
95%
Przyjmujący
93%
Środkowy
91%
Nie znaleziono quizów pasujących do podanych kryteriów
Rozkład punktacji
Procent ludzi z każdym wynikiem
Percentyl według liczby udzielonych odpowiedzi
Twoja historia wyników
Nie rozwiązałeś tego quizu